Gaming Quiz

Random Gaming or Country Quiz

Black Ops Characters Quiz Stats

 Plays Quiz not verified by Sporcle

Score 0/26 Timer 10:00
0 Plays Today
Country, Rank Name % Correct
Op 40/ SOG SeargantFrank Woods
90.3%
Op 40/ SOG CaptainAlex Mason
90.3%
Op 40/ SOG CPOJoseph Bowman
81.5%
Red Army CaptainViktor Reznov
75.5%
CIA Agent/ SOG OperativeJason Hudson
70.4%
CIA Agent/ SOG OperativeGrigori Weaver
63.8%
Nazi DoctorFriedrich Steiner
55.3%
Tropas GeneralFidel Castro
43.2%
US PresidentJohn F Kennedy
41.4%
CCCP 2nd In CommandLev Kravchenko
41.1%
Op 40 OperativeCarlos
32.9%
Red Army SoldierSergei
32.1%
SOG OperativeSwift
29.8%
Country, Rank Name % Correct
Red Army SoldierDimitri Petrenko
27.8%
DoctorDaniel Clarke
23.9%
US President's AssociateRichard Nixon
19.6%
SOG OperativeHarris
17.5%
CCCP LeaderNikkita Dragovoich
17.3%
SOG OperativeBrooks
16.9%
US President's AssociateRobert McNamara
16.1%
SOG SeargantPaige
2.9%
Red Army SoldierTvelin
2.5%
Red Army SoldierNevsky
1.4%
Red Army SoldierVenski
1.2%
CODENAME:BIGEYE-6 Navigator MajorNeitvisch
1%
CODENAME: BIGEYE-6 Pilot CaptainMaloney
1%

You're not logged in!

Compare scores with friends on all Sporcle quizzes.
OR
Log In

Show Comments

Extras

Created Nov 20, 2010ReportNominate
Tags:Country Quiz, black, character, OPS

Top Quizzes Today


Score Distribution

Your Account Isn't Verified!

In order to create a playlist on Sporcle, you need to verify the email address you used during registration. Go to your Sporcle Settings to finish the process.

Report this User

Report this user for behavior that violates our Community Guidelines.

Details: